书目信息 |
| 题名: |
选对色彩穿对衣
|
|
| 作者: | 王静 著 | |
| 分册: | ||
| 出版信息: | 桂林 漓江出版社 2010 |
|
| 页数: | 187页 | |
| 开本: | 21cm | |
| 丛书名: | ||
| 单 册: | ||
| 中图分类: | TS941.11 | |
| 科图分类: | ||
| 主题词: | 服装美学--配色--基本知识 , 服装美学 | |
| 电子资源: | ||
| ISBN: | 978-7-5407-4676-6 | |
| 000 | 00959nam0 2200277 450 | |
| 001 | 004541872 | |
| 005 | 20110224092700.37 | |
| 010 | @a978-7-5407-4676-6@dCNY30.00 | |
| 035 | @a004541872 | |
| 100 | @a20100526d2010 em y0chiy0110 ea | |
| 101 | 0 | @achi |
| 102 | @aCN@b450000 | |
| 105 | @aa z 000yy | |
| 106 | @ar | |
| 200 | 1 | @a选对色彩穿对衣@9xuan dui se cai chuan dui yi@dColor me beautiful@f王静著@zeng |
| 210 | @a桂林@c漓江出版社@d2010 | |
| 215 | @a187页@c图@d21cm | |
| 300 | @a静老师形象提升系列 | |
| 330 | @a本书从色彩出发,涵盖色彩与形象塑造的全面专业知识,以轻松时尚的笔触讲解色彩搭配的原则和技巧,从辨色、测色、穿色到配色,配合大量实例、故事及小贴士等,从中找到属于自己的色彩。 | |
| 510 | 1 | @aColor me beautiful@zeng |
| 606 | 0 | @a服装美学@x配色@x基本知识 |
| 606 | 0 | @a服装美学 |
| 690 | @aTS941.11@v4 | |
| 701 | 0 | @a王静@9wang jing@c(女,服饰)@4著 |
| 801 | 0 | @aCN@bNLC@c20110224 |
| 905 | @b205281425-461@h528142-46@dTS941.11@e63@f5 | |
| 选对色彩穿对衣=Color me beautiful/王静著.-桂林:漓江出版社,2010 |
| 187页:图;21cm |
| 静老师形象提升系列 |
| ISBN 978-7-5407-4676-6:CNY30.00 |
| 本书从色彩出发,涵盖色彩与形象塑造的全面专业知识,以轻松时尚的笔触讲解色彩搭配的原则和技巧,从辨色、测色、穿色到配色,配合大量实例、故事及小贴士等,从中找到属于自己的色彩。 |
| ● |
| 相关链接 |
|
|
|
|
正题名:选对色彩穿对衣
索取号:TS941.11/63
 
预约/预借
| 序号 | 登录号 | 条形码 | 馆藏地/架位号 | 状态 | 备注 |
| 1 | 528142 | 205281425 | 第二样本阅览室/ [索取号:TS941.11/63] | 在馆 | |
| 2 | 528143 | 205281434 | 第三借阅区/ [索取号:TS941.11/63] | 在馆 | |
| 3 | 528144 | 205281443 | 第三借阅区/ [索取号:TS941.11/63] | 在馆 | |
| 4 | 528145 | 205281452 | 第三借阅区/ [索取号:TS941.11/63] | 在馆 | |
| 5 | 528146 | 205281461 | 第三借阅区/ [索取号:TS941.11/63] | 在馆 |